00276nam a2200133Ia 4500003000900000008004100009040001300050040001300063041000800076100002000084245002400104300000800128490000600136IT-RoPAU120407s9999 xx 000 0 und d aIT-RoPAU cIT-RoPAU aita aGiovanni Papini aLe pazzie del poeta c cm v1